| 000 | 00980nas a2200337 4500 | ||
|---|---|---|---|
| 001 | BR0303682 | ||
| 003 | BR-BrBNA | ||
| 005 | 20231205103941.0 | ||
| 007 | ta | ||
| 008 | 230509b bl.|||p| |||| 00| 00por d | ||
| 040 |
_aBR-BrBNA _bpor _cBiblioteca Nacional de Agricultura |
||
| 041 | _a(Pt) | ||
| 072 | _aL70 | ||
| 100 | 1 | _aFreitas, P.M.C. | |
| 100 | 1 | _aPaula Lima, V.A. | |
| 100 | 1 | _aMota, F.C.D. | |
| 100 | 1 | _aGoulart, M.R. | |
| 100 | 1 | _aShimizu, B.J. | |
| 100 | 1 | _aEurides, D. | |
| 100 | 1 | _aMelo, M.S. | |
| 245 | 1 | _aComparação entre o uso de bupivacaína a 0,25 e a 0,75 no bloqueio do plexo braquial em gatos | |
| 650 | _aGATO | ||
| 650 | _aANESTÉSICO | ||
| 650 | _aANATOMIA ANIMAL | ||
| 650 | _aCIRURGIA | ||
| 650 | _aANÁLISE QUANTITATIVA | ||
| 650 | _aANÁLISE COMPARATIVA | ||
| 773 | 0 |
_tArs Veterinária (Brazil) _xISSN 0102-6380 _g(Dec 2002), v. 18(3) p.218-222 _wBR0303682 |
|
| 909 |
_a202311 _bLúcia _c55 _dLúcia Elande |
||
| 942 |
_2AGRIS _n0 _cANA |
||
| 999 |
_c175608 _d175608 |
||